Statistiques concernant Les joueurs français à la Juventus

Cliquez ici pour prendre le quiz!

Statistiques générales

  • Ce quiz a été pris 277 fois
  • Le résultat moyen est 10 sur 22

Statistiques - réponses

PosteNombre de matchsAnnéesJouuer% Correct
Milieu de terrain2121996-2001Zinédine Zidane
92%
Attaquant3202000-2010David Trezeguet
88%
Milieu de terrain242019-Adrien Rabiot
87%
Milieu de terrain1222017-Blaise Matuidi
85%
Milieu de terrain2241982-1987Michel Platini
85%
Milieu de terrain1782012-2016Paul Pogba
83%
Milieu de terrain18019994-1999Didier Deschamps
81%
Défenseur2592001-2006Lilian Thuram
80%
Attaquant201999-1999Thierry Henry
63%
Défenseur832014-2017Patrice Evra
62%
Milieu de terrain422005-2006Patrick Vieira
51%
Attaquant222014-2015Kingsley Coman
47%
Attaquant32012-2013Nicolas Anelka
42%
Défenseur1182004-2010Jonathan Zebina
37%
Défenseur362006-2007Jean-Alain Boumsong
23%
Milieu de terrain211998-1999Jocelyn Blanchard
11%
Gardien de but02001-2006Landry Bonnefoi
8%
Attaquant192004-2005Olivier Kapo
7%
Attaquant381964-1965Nestor Combin
5%
Attaquant22001-2002Vincent Péricard
5%
Défenseur02002-2004Abdoulay Konko
2%
Défenseur02011-2013Prince-Désir Gouano
1%

Distribution des résultats

Percentile par nombre de réponses

% des personnes avec chaque résultat

Votre développement - résultats

Vous n’avez pas pris ce quiz